000 00228nam a2200121Ia 4500
100 _a#N/A
942 _cBK
245 _aPrinciples & Application of GSM
260 _b#N/A
082 _b21655
546 _aENGLISH
999 _c27573
_d27573